Экскурсии в современность (Запись № 10008981)

Подробности
000 -МАРКЕР
контрольное поле 02358nam0a22004451 4500
001 - ИДЕНТИФИКАТОР ЗАПИСИ
контрольное поле RU\NLR\A1SV\139829
005 - ИДЕНТИФИКАТОР ВЕРСИИ
контрольное поле 20251203171251.9
035 ## - ДРУГИЕ СИСТЕМНЫЕ НОМЕРА
Идентификатор записи (NLR Aleph) 010767994
100 ## - ДАННЫЕ ОБЩЕЙ ОБРАБОТКИ
Данные общей обработки 20150520d1925 u y0rusy50 ca
101 0# - ЯЗЫК РЕСУРСА
Язык текста, звукозаписи и т.д. русский
102 ## - СТРАНА ПУБЛИКАЦИИ ИЛИ ПРОИЗВОДСТВА
Страна публикации Российская Федерация
200 1# - ЗАГЛАВИЕ И СВЕДЕНИЯ ОБ ОТВЕТСТВЕННОСТИ
Основное заглавие Экскурсии в современность
Первые сведения об ответственности Под ред. Н.А.Кузнецова и К.В.Ползиковой-Рубец
210 ## - ПУБЛИКАЦИЯ, РАСПРОСТРАНЕНИЕ И ДР.
Место издания, распространения и т.д. Л.
Имя издателя, распространителя и т. д. Изд-во кн. сектора ЛГОНО
Дата издания, распространения и т.д. 1925
215 ## - ФИЗИЧЕСКАЯ ХАРАКТЕРИСТИКА
Специфическое обозначение материала и объем 154, [1] с.
Размеры 22 см
225 ## - СЕРИЯ
Основное заглавие серии Экскурс. практика
Сведения об ответственности Под ред. Н.А.Кузнецова
300 ## - ОБЩИЕ ПРИМЕЧАНИЯ
Текст примечания Сер. указана на обл.
327 1# - ПРИМЕЧАНИЯ О СОДЕРЖАНИИ
Текст примечания Наша улица / Н.П.Анциферов
-- Большая улица современного города / Н.Аникиева, К.Ф.Асаевич и О.Л.Тоддес
-- Ленинград, как научный центр / В.Б.Ечеистова, В.Г.Конради, Е.А.Магнус и М.А.Шмарова
-- Отражение эпохи промышленного капитализма на облике города / К.В.Ползикова-Рубец
-- Рабочий поселок / К.В.Ползикова-Рубец и А.Ю.Якубовский
-- Городской дом / Т.Б.Лозинская
-- Общественная столовая / С.М.Левидова
-- Прядильная и трикотажная фабрика / З.А.Эдельштейн
702 #1 - ИМЯ ЛИЦА - ВТОРИЧНАЯ ОТВЕТСТВЕННОСТЬ
Начальный элемент ввода Кузнецов
Часть имени, кроме начального элемента ввода Н.А.
Расширение инициалов личного имени Николай Александрович
702 #1 - ИМЯ ЛИЦА - ВТОРИЧНАЯ ОТВЕТСТВЕННОСТЬ
Начальный элемент ввода Ползикова-Рубец
Часть имени, кроме начального элемента ввода К.В.
Даты 1889-1949
Расширение инициалов личного имени Ксения Владимировна
702 #1 - ИМЯ ЛИЦА - ВТОРИЧНАЯ ОТВЕТСТВЕННОСТЬ
Начальный элемент ввода Анцифиров
Часть имени, кроме начального элемента ввода Н.П.
702 #1 - ИМЯ ЛИЦА - ВТОРИЧНАЯ ОТВЕТСТВЕННОСТЬ
Начальный элемент ввода Аникиева
Часть имени, кроме начального элемента ввода Н.
702 #1 - ИМЯ ЛИЦА - ВТОРИЧНАЯ ОТВЕТСТВЕННОСТЬ
Начальный элемент ввода Асаевич
Часть имени, кроме начального элемента ввода К.Ф.
702 #1 - ИМЯ ЛИЦА - ВТОРИЧНАЯ ОТВЕТСТВЕННОСТЬ
Начальный элемент ввода Тоддес
Часть имени, кроме начального элемента ввода О.Л.
702 #1 - ИМЯ ЛИЦА - ВТОРИЧНАЯ ОТВЕТСТВЕННОСТЬ
Начальный элемент ввода Ечеистова
Часть имени, кроме начального элемента ввода В.Б.
702 #1 - ИМЯ ЛИЦА - ВТОРИЧНАЯ ОТВЕТСТВЕННОСТЬ
Начальный элемент ввода Конради
Часть имени, кроме начального элемента ввода В.Г.
Даты 1877-1942
Расширение инициалов личного имени Вера Германовна
702 #1 - ИМЯ ЛИЦА - ВТОРИЧНАЯ ОТВЕТСТВЕННОСТЬ
Начальный элемент ввода Магнус
Часть имени, кроме начального элемента ввода Е.А.
702 #1 - ИМЯ ЛИЦА - ВТОРИЧНАЯ ОТВЕТСТВЕННОСТЬ
Начальный элемент ввода Шмарова
Часть имени, кроме начального элемента ввода М.А.
702 #1 - ИМЯ ЛИЦА - ВТОРИЧНАЯ ОТВЕТСТВЕННОСТЬ
Начальный элемент ввода Якубовский
Часть имени, кроме начального элемента ввода А.Ю.
702 #1 - ИМЯ ЛИЦА - ВТОРИЧНАЯ ОТВЕТСТВЕННОСТЬ
Начальный элемент ввода Левидова
Часть имени, кроме начального элемента ввода С.М.
702 #1 - ИМЯ ЛИЦА - ВТОРИЧНАЯ ОТВЕТСТВЕННОСТЬ
Начальный элемент ввода Эдельштейн
Часть имени, кроме начального элемента ввода З.А.
801 #0 - ИСТОЧНИК ЗАПИСИ
Страна Российская Федерация
Организация NLR
Дата составления 20150520
852 ## - МЕСТОНАХОЖДЕНИЕ И ШИФР ХРАНЕНИЯ
Идентификатор организации NLR
Шифр хранения (Call Number) 1/373
852 ## - МЕСТОНАХОЖДЕНИЕ И ШИФР ХРАНЕНИЯ
Идентификатор организации NLR
Шифр хранения (Call Number) 1/373а
899 ## - ДАННЫЕ О МЕСТОНАХОЖДЕНИИ (устаревшее)
Местонахождение РГБ
899 ## - ДАННЫЕ О МЕСТОНАХОЖДЕНИИ (устаревшее)
Местонахождение КирОУНБ
942 ## - ДОПОЛНИТЕЛЬНЫЕ ЭЛЕМЕНТЫ ЗАПИСИ (АБИС)
Тип экземпляра АБИС Книга
980 ## - КОЛЛЕКЦИЯ
Название коллекции Национальная библиография
980 ## - КОЛЛЕКЦИЯ
Название коллекции Международный сводный каталог русской книги (1918-1926)
Экземпляры
Тип экземпляра Дата поступления Библиотека постоянного хранения Библиотека текущего хранения Место хранения Шифр хранения Штрих-код Статус экземпляра
Книга 23.05.2025 РНБ (Садовая) РНБ (Садовая) Кафедра служебной выдачи, главное здание (Садовая) 1/373 1-4951039  
Книга 23.05.2025 РНБ (Садовая) РНБ (Садовая) Русский книжный фонд -Главное здание, Ленинский читальный зал 1/373а 10767994-20